000 00616nam a2200241Ia 4500
003 OSt
005 20220912151540.0
006 a|||||r|||| 00| 0
007 ta
008 220909b |||||||| |||| 00| 0 eng d
024 _a20504
037 _cTextual
040 _aCSL
_beng
_cCSL
041 _aeng
082 _aB281, K9;M2
100 _aGnedenko B V
245 0 _aTheory of probability
260 _aMoscow
_bMir press
300 _a392p.
_ccm.
500 _aAppendix p376-381.; Bibliography p382-387.
942 _hB281, K9;M2
_cTEXL
_2CC
999 _c71002
_d71002